男人要的三份禮物
| 資料類型: | 圖書 | 書目號: | 38831 |
Leader xxxxxxxxxx 001 __ PCLIS00038831 005 __ 20071123161324.0 008 __ chi 010 0_ |a978-957-33-2343-3|b平裝|dNT$240 100 __ |a20070712d2007 k y0chiy09 e. 101 0_ |achi. 102 __ |atw. 105 __ |aa z 000yy. 200 1_ |a男人要的三份禮物|e|f張小嫻作. 205 __ |a初版. 210 __ |a臺北市|c皇冠文化|d2007[民96] 215 0_ |a207面|c彩圖|d21公分. 225 12 |a張小嫻10年有愛散文精選典藏版|v2. 225 12 |a皇冠叢書|v第3654種. 260 1_ |a2007. 300 __ |a 681 __ |a856.9|b1194|v增訂八版. 700 _1 |a張|b小嫻|4作. 702 __ |a|b|4 801 _2 |atw|bPTL|c20071026|gCCR|m4. |